| 000 -LEADER | |
|---|---|
| fixed length control field | 00426nam a22001697a 4500 |
| 005 - DATE AND TIME OF LATEST TRANSACTION | |
| control field | 20210828164308.0 |
| 008 - FIXED-LENGTH DATA ELEMENTS--GENERAL INFORMATION | |
| fixed length control field | 160512b xxu||||| |||| 00| 0 eng d |
| 020 ## - INTERNATIONAL STANDARD BOOK NUMBER | |
| ISBN | 81-259-1603-3 |
| 041 ## - LANGUAGE CODE | |
| Language code of text/sound track or separate title | eng |
| 082 ## - DEWEY DECIMAL CLASSIFICATION NUMBER | |
| Item number | 1631 |
| Classification number | 657.95 |
| 100 ## - MAIN ENTRY--AUTHOR NAME | |
| Personal name | Maheshwari S.N. Maheshwari S.K. |
| 245 ## - TITLE STATEMENT | |
| Title | Corporate Accounting |
| 260 ## - PUBLICATION, DISTRIBUTION, ETC. (IMPRINT) | |
| Place of publication | New Delhi |
| Name of publisher | Vikas Publishing |
| Year of publication | 1994 |
| 300 ## - PHYSICAL DESCRIPTION | |
| Number of Pages | 3.324 |
| 650 ## - SUBJECT ADDED ENTRY--TOPICAL TERM | |
| Topical Term | Management |
| 942 ## - ADDED ENTRY ELEMENTS (KOHA) | |
| Koha item type | Books |
| Lost status | Damaged status | Collection code | Home library | Current library | Shelving location | Date acquired | Cost, normal purchase price | Full call number | Accession Number | Koha item type |
|---|---|---|---|---|---|---|---|---|---|---|
| LAW | JRU Library | SHELF-32-C | 12/05/2016 | 310.00 | 657.95 | 1631 | Books | |||
| MANAGEMENT | JRU Library | JRU Library | SHELF -72 - J | 12/05/2016 | 310.00 | 657.95 | 1632 | Books | ||
| LAW | JRU Library | SHELF-32-C | 12/05/2016 | 310.00 | 657.95 | 1633 | Books | |||
| LAW | JRU Library | SHELF-32-C | 12/05/2016 | 310.00 | 657.95 | 1634 | Books | |||
| MANAGEMENT | JRU Library | JRU Library | SHELF -72 - J | 12/05/2016 | 310.00 | 657.95 | 1635 | Books | ||
| JRU Library | SHELF-16-C | 12/05/2016 | 310.00 | 657.95 | 1636 | Books |